Green roofs and walls (Record no. 116109)
[ view plain ]
| 000 -LEADER | |
|---|---|
| fixed length control field | 01901cad a22002655a 4500 |
| 001 - CONTROL NUMBER | |
| control field | L159795 |
| 008 - FIXED-LENGTH DATA ELEMENTS--GENERAL INFORMATION | |
| fixed length control field | 150416s2016 xxk f 000 0 eng d |
| 020 ## - INTERNATIONAL STANDARD BOOK NUMBER | |
| International Standard Book Number | 9781783211456 |
| 035 ## - SYSTEM CONTROL NUMBER | |
| System control number | (Sirsi) u159795 |
| 041 0# - LANGUAGE CODE | |
| Language code of text/sound track or separate title | eng |
| 110 2# - MAIN ENTRY--CORPORATE NAME | |
| Corporate name or jurisdiction name as entry element | Royal Institution of Chartered Surveyors |
| 9 (RLIN) | 4900 |
| 245 00 - TITLE STATEMENT | |
| Title | Green roofs and walls |
| Medium | [electronic resource] |
| 260 ## - PUBLICATION, DISTRIBUTION, ETC. | |
| Place of publication, distribution, etc. | London |
| Name of publisher, distributor, etc. | RICS |
| Date of publication, distribution, etc. | 2016 |
| 300 ## - PHYSICAL DESCRIPTION | |
| Extent | p. |
| 490 #0 - SERIES STATEMENT | |
| Series statement | RICS Guidance Note |
| 505 ## - FORMATTED CONTENTS NOTE | |
| Formatted contents note | Acknowledgments -- RICS guidance notes -- Introduction -- What are green roofs and green walls? -- Green roof and wall design considerations and briefings -- Green Star - Performance rating benefits of green roofs and walls -- Assessing the physical aspects of existing buildings -- Building maintenance and management -- Preparing and assessing an application to install a green roof or wall -- Legal aspects - leases and licences -- Value of green roofs and walls -- Appendix 1: Checklist for appraising roofs for suitability for green roof retrofit -- Appendix 2: case studies -- Appendix 3: How other countries encourage installation of green roofs and walls -- References |
| 520 ## - SUMMARY, ETC. | |
| Summary, etc. | Effective from April 2016. |
| 520 ## - SUMMARY, ETC. | |
| Summary, etc. | Explains the various steps that need to be considered if a green roof or wall is to be installed on a new building, or retrofitted onto an existing building. It looks at green walls and roofs from the property and surveyor's point of view, encompassing the technical, value and community impacts that green walls and roofs can bring. It is aimed primarily at commercial and medium to high-density residential buildings. |
| 650 24 - SUBJECT ADDED ENTRY--TOPICAL TERM | |
| Topical term or geographic name entry element | GREEN ROOFS |
| 650 24 - SUBJECT ADDED ENTRY--TOPICAL TERM | |
| Topical term or geographic name entry element | GREEN BUILDINGS |
| 651 #4 - SUBJECT ADDED ENTRY--GEOGRAPHIC NAME | |
| Geographic name | Australia |
| 690 ## - LOCAL SUBJECT ADDED ENTRY--TOPICAL TERM (OCLC, RLIN) | |
| Topical term or geographic name as entry element | Sustainability |
| 9 (RLIN) | 6271 |
| 856 41 - ELECTRONIC LOCATION AND ACCESS | |
| Uniform Resource Identifier | <a href="https://www.isurv.com/downloads/file/6816/green_roofs_and_walls_1st_edition_april_2016_australia">https://www.isurv.com/downloads/file/6816/green_roofs_and_walls_1st_edition_april_2016_australia</a> |
| Public note | Available on isurv (subscription required) |
| 942 ## - ADDED ENTRY ELEMENTS (KOHA) | |
| Suppress in OPAC | 0 |
| Source of classification or shelving scheme | Dewey Decimal Classification |
| Withdrawn status | Lost status | Source of classification or shelving scheme | Damaged status | Not for loan | Home library | Current library | Shelving location | Date acquired | Total Checkouts | Full call number | Barcode | Date last seen | Copy number | Price effective from | Koha item type |
|---|---|---|---|---|---|---|---|---|---|---|---|---|---|---|---|
| Dewey Decimal Classification | Virtual | Virtual | Online | 05/01/2018 | iSurv | 159795-2001 | 28/04/2023 | 1 | 06/08/2019 | Book |